| 000 | 00824nam a2200205Ii 4500 | ||
|---|---|---|---|
| 003 | JO-AjNU | ||
| 008 | 230605s9999||||xx |||||||||||||| ||und|| | ||
| 040 |
_aJO-AjNU _bara _erda _cJO-AjNU |
||
| 041 | _aara | ||
| 050 | 1 | 4 | _aPJ7521.S22 1996 |
| 100 | 3 |
_aصادر، كارين؛ م. مشارك نصير الجواهري؛ تصدير محمد مهدي الجواهري , _eauthor _959426 |
|
| 245 | 0 | 0 | _aاعلام الجبابرة : "معجم الأدباء ذوي العاهات" |
| 250 | _aط1 | ||
| 264 | 3 | 1 | _aبيروت: دار صادر للطباعة والنشر، 1996 |
| 300 |
_a422ص _bببلوجرافية من ص383- 408ص |
||
| 336 |
_atext _btxt _2rdacontent |
||
| 337 |
_aunmediated _bn _2rdamedia |
||
| 338 |
_avolume _bnc _2rdacarrier |
||
| 650 | 4 |
_aالأدباء العرب- تراجم- معاجم _959427 |
|
| 999 |
_aA26741 _c30309 _d30309 |
||